00342pab a2200121 454500008004000000100001600040245008500056260000900141300001300150362001100163650001200174773003400186180718b2011 xxu||||| |||| 00| 0 eng d aSashi Kumar aHegemony in contemporary culture and media and the need for a counter initiative c2011 ap.38-43. a17 dec aCulture aEconomic and Political Weekly